| 000 | 00909nam a2200253 a 4500 | ||
|---|---|---|---|
| 001 | 49503 | ||
| 003 | BD-RjUL | ||
| 005 | 20211209054705.0 | ||
| 008 | 160821s1975 UNK||||| |||| 001 0 eng d | ||
| 020 | _a023103484 | ||
| 020 | _a0231039492 | ||
| 035 | _a(BD-RjUL)49622 | ||
| 040 |
_aBD-RjUL _beng _cBD-RjUL _dBD-RjUL |
||
| 041 | _aeng | ||
| 082 |
_223 _a362.04250973 _bSOC 1975 |
||
| 245 | 0 | 4 |
_aThe Social Welfare Forum, 1974 : _bofficial proceedings, 101st Annual Forum, National Conference on Social Welfare, Cincinnati, Ohio, May 19-May 23, 1974 / _cNational Conference on Social Welfare |
| 260 |
_aOhio : _bColumbia University Press, _cc1975 |
||
| 300 |
_ax,234 p. ; _c22 cm. |
||
| 500 | _aIncludes index. | ||
| 650 |
_aPublic welfare _vCongresses _zUnited States _9148520 |
||
| 650 |
_aSocial problems _vCongresses _9148529 |
||
| 710 |
_aNational Conference on Social Welfare _9143161 |
||
| 942 |
_2ddc _cBK |
||
| 999 |
_c49503 _d49503 |
||